La République romaine: les conflits politiques et sociaux
Сохранить в:
| Главный автор: | |
|---|---|
| Формат: | |
| Язык: | французский |
| Опубликовано: |
París
Ernest Flammarion
1927
|
| Серии: | Bibliothèque de Philosophie Scientifique
|
| Предметы: | |
| Метки: |
Добавить метку
Нет меток, Требуется 1-ая метка записи!
|
MARC
| LEADER | 00000nam a2200000 a 4500 | ||
|---|---|---|---|
| 001 | UCP9030 | ||
| 003 | CL-VaPUC | ||
| 008 | 000317e19270000FR |||||||||||||||||fre|d | ||
| 082 | 0 | 4 | |a 937.02 |b BLO |2 21 |
| 100 | 0 | |a Bloch, G |e author |9 439338 | |
| 245 | 1 | 3 | |a La République romaine: les conflits politiques et sociaux |
| 300 | |a 330 p | ||
| 942 | |c BK | ||
| 945 | |d 20000317 00:00:00 |a rherrera | ||
| 260 | |a París |b Ernest Flammarion |c 1927 | ||
| 650 | 0 | |a Historia antigua |9 267521 | |
| 650 | 7 | |a ROMA |2 CL-VaPUC |9 317375 | |
| 650 | 0 | |a República romana |9 433651 | |
| 650 | 0 | |a Conflictos sociales |9 372024 | |
| 583 | |a last modification |c 20000317 00:00:00 |k Rodrigo Vera | ||
| 490 | 0 | |a Bibliothèque de Philosophie Scientifique | |
| 999 | |c 285883 |d 285881 | ||
| 952 | |0 0 |1 0 |4 0 |6 937_020000000000000_BLO_1927 |7 0 |8 X |9 330739 |a BIBHIS |b BIBHIS |d 2019-11-20 |i 1395025 |o 937.02 BLO 1927 |p 1395025 |r 2024-01-30 |w 2019-11-20 |y BK_X |k HIS | ||